Property Week CPD (Record no. 84523)
[ view plain ]
| 000 -LEADER | |
|---|---|
| fixed length control field | 01006cab a22002055a 4500 |
| 001 - CONTROL NUMBER | |
| control field | L158154 |
| 008 - FIXED-LENGTH DATA ELEMENTS--GENERAL INFORMATION | |
| fixed length control field | 140924e2014 xxk 000 0 eng d |
| 035 ## - SYSTEM CONTROL NUMBER | |
| System control number | (Sirsi) u158154 |
| 041 0# - LANGUAGE CODE | |
| Language code of text/sound track or separate title | eng |
| 245 00 - TITLE STATEMENT | |
| Title | Property Week CPD |
| Remainder of title | Legionella Control |
| 260 ## - PUBLICATION, DISTRIBUTION, ETC. | |
| Date of publication, distribution, etc. | 2014 |
| 490 ## - SERIES STATEMENT | |
| Series statement | Property Week |
| Volume/sequential designation | 81(37) 19 September 2014, 61-64(4) |
| 520 ## - SUMMARY, ETC. | |
| Summary, etc. | The first in a series of quality assured CPD modules created by Property Week covers Legionella control in conjunction with Metro Safety. Looks at causes, legislation, compliance, assessing risk, managing, monitoring and inspection. Each module in series consists of a feature article followed by multiple choice questions. Subscribers to Property Week can complete question online at propertyweek.com.CPD. RICS members can use these modules towards fulfilling their annual 20 hours CPD requirement. |
| 590 ## - LOCAL NOTE (RLIN) | |
| Local note | KA |
| 650 24 - SUBJECT ADDED ENTRY--TOPICAL TERM | |
| Topical term or geographic name entry element | LEGIONNAIRES' DISEASE |
| 650 24 - SUBJECT ADDED ENTRY--TOPICAL TERM | |
| Topical term or geographic name entry element | CPD |
| 651 #4 - SUBJECT ADDED ENTRY--GEOGRAPHIC NAME | |
| Geographic name | United Kingdom |
| Chronological subdivision | |
| 690 ## - LOCAL SUBJECT ADDED ENTRY--TOPICAL TERM (OCLC, RLIN) | |
| Topical term or geographic name as entry element | Health and safety |
| 9 (RLIN) | 6244 |
| 942 ## - ADDED ENTRY ELEMENTS (KOHA) | |
| Suppress in OPAC | 0 |
| Withdrawn status | Lost status | Source of classification or shelving scheme | Damaged status | Not for loan | Home library | Current library | Shelving location | Date acquired | Total Checkouts | Full call number | Barcode | Date last seen | Copy number | Price effective from | Koha item type |
|---|---|---|---|---|---|---|---|---|---|---|---|---|---|---|---|
| Dewey Decimal Classification | London | London | Journals | 24/09/2014 | L158154 | 158154-1001 | 06/08/2019 | 1 | 06/08/2019 | Journal article |